00588ntaaa2200181 45000030003000000050017000030080021000200400037000410820017000781000025000952450056001202500010001762600041001863000010002275000105002376500026003426500038003680120251027202223.00714s1973 ag 01  aAR-BaBNbspacAR-BaBNeaacrdRIC a268.0000 L72 aLittle, Lawrence C.  aFoundations for a philosophy of christian education a1 ed. aNew York : bAbingdon Press, cc1962 a240 p aThis book explores the foundations upon which an adequate philosophy of Christian education may rest aeducación religiosa afilosofía-educación religiosa